Miejscowości sąsiadujące z Odrzykoniem - Statystyki

Ogólne statystyki
  • Ten quiz został rozwiązany 126 razy
    22 od ostatniego zresetowania
  • Średni wynik to 6 z 7
Statystyki odpowiedzi
Gmina Miejscowość % Poprawnych
Korczyna Korczyna
100%
Miasto o tej samej nazwie Krosno
100%
Wojaszówka Ustrobna
92%
Wojaszówka Bratkówka
85%
Korczyna Czarnorzeki
77%
Jedlicze Potok
62%
Korczyna Węglówka
54%
Nie znaleziono quizów pasujących do podanych kryteriów
Rozkład punktacji
Procent ludzi z każdym wynikiem
Percentyl według liczby udzielonych odpowiedzi
Twoja historia wyników
Nie rozwiązałeś tego quizu od ostatniego zresetowania